[Event "Levitov Chess Week Rapid"]
[Site "Amsterdam NED"]
[Date "2023.09.24"]
[Round "12"]
[White "Daniil Dubov"]
[Black "Levon Aronian"]
[Result "1/2-1/2"]
[EventDate "2023.09.22"]
[WhiteElo "2710"]
[BlackElo "2742"]
[PlyCount "82"]

1. c4 c5 2. g3 g6 3. Bg2 Bg7 4. Nc3 Nc6 5. a3 b6 6. b4 Bb7 7. Rb1 d6 8. Ne4 Qd7 9. bxc5 dxc5 10. d3 Nf6 11. Bb2 O-O 12. Nxf6+ Bxf6 13. Nh3 Bxb2 14. Rxb2 Rad8 15. O-O Ne5 16. Qc1 Bxg2 17. Kxg2 Qc6+ 18. f3 Rd6 19. Nf2 f5 20. Ra2 Re6 21. Kg1 Qd7 22. Nh3 Rd6 23. Nf4 Nc6 24. Rf2 e6 25. h4 Qg7 26. Qa1 Qxa1+ 27. Rxa1 Kf7 28. Rff1 Rd4 29. Kf2 Rfd8 30. Rh1 Ne7 31. a4 Nc6 32. Nh3 h6 33. Nf4 a5 34. Rab1 Nb4 35. Ng2 e5 36. Ne3 Ke6 37. h5 g5 38. g4 f4 39. Nf5 Rh8 40. Nxd4+ exd4 41. Rb2 1/2-1/2

[Event "Levitov Chess Week Rapid"]
[Site "Amsterdam NED"]
[Date "2023.09.24"]
[Round "13"]
[White "Peter Svidler"]
[Black "Daniil Dubov"]
[Result "1/2-1/2"]
[EventDate "2023.09.22"]
[WhiteElo "2689"]
[BlackElo "2710"]
[PlyCount "28"]

1. Nf3 Nf6 2. c4 g6 3. g3 Bg7 4. Bg2 O-O 5. O-O c5 6. d4 cxd4 7. Nxd4 d5 8. cxd5 Nxd5 9. Nb3 Nb6 10. Nc3 Nc6 11. Bf4 Bf5 12. Qc1 Qc8 13. Bh6 Bh3 14. Bxg7 1/2-1/2

[Event "Levitov Chess Week Rapid"]
[Site "Amsterdam NED"]
[Date "2023.09.23"]
[Round "10"]
[White "Daniil Dubov"]
[Black "Vladimir Kramnik"]
[Result "1/2-1/2"]
[EventDate "2023.09.22"]
[WhiteElo "2710"]
[BlackElo "2753"]
[PlyCount "60"]

1. e4 c5 2. Nf3 e6 3. c3 d5 4. exd5 Qxd5 5. Bb5+ Bd7 6. a4 a6 7. Be2 Nf6 8. O-O Be7 9. Na3 Bc6 10. Nc4 Qd8 11. Nfe5 Bd5 12. Ne3 Nc6 13. Nxd5 Nxe5 14. Ne3 Qd7 15. Qc2 O-O 16. Rd1 b5 17. axb5 axb5 18. Rxa8 Rxa8 19. d4 cxd4 20. cxd4 Ng6 21. d5 exd5 22. Qb3 Nf4 23. Bxb5 Qe6 24. Nf1 Qg4 25. Bxf4 Qxf4 26. Bc6 Rb8 27. Qe3 Qd6 28. Bxd5 Nxd5 29. Qf3 Qf6 30. Qxd5 1/2-1/2

[Event "Levitov Chess Week Rapid"]
[Site "Amsterdam NED"]
[Date "2023.09.22"]
[Round "1"]
[White "Vladimir Kramnik"]
[Black "Daniil Dubov"]
[Result "0-1"]
[EventDate "2023.09.22"]
[WhiteElo "2753"]
[BlackElo "2710"]
[PlyCount "88"]

1. c4 Nf6 2. Nf3 g6 3. g3 Bg7 4. Bg2 O-O 5. O-O d6 6. Nc3 Nc6 7. Rb1 a5 8. b3 e5 9. d3 h6 10. Bb2 Be6 11. e4 Nh7 12. Nd5 Ng5 13. Nxg5 hxg5 14. f4 gxf4 15. gxf4 exf4 16. Bxg7 Kxg7 17. Rxf4 Rh8 18. Qd2 Nd4 19. Qf2 c5 20. Rf1 Qg5 21. h4 Qe5 22. Qe3 Bxd5 23. cxd5 f5 24. R1f2 Rh6 25. Qg3 Rf8 26. Kh2 Rfh8 27. Bh3 Rxh4 28. Rxh4 Rxh4 29. exf5 Nxf5 30. Qxe5+ dxe5 31. Re2 Kf6 32. Kg2 Rd4 33. Kf2 Rxd3 34. Bg2 b6 35. Be4 Rd4 36. Bg2 Ne7 37. Ke1 Nxd5 38. Rf2+ Nf4 39. Bf1 g5 40. Rh2 Kg7 41. Bc4 e4 42. Rc2 e3 43. Rc3 e2 44. Re3 0-1

[Event "Levitov Chess Week Rapid"]
[Site "Amsterdam NED"]
[Date "2023.09.22"]
[Round "2"]
[White "Daniil Dubov"]
[Black "Boris Gelfand"]
[Result "1/2-1/2"]
[EventDate "2023.09.22"]
[WhiteElo "2710"]
[BlackElo "2655"]
[PlyCount "100"]

1. d4 Nf6 2. Nf3 d5 3. Bf4 Bf5 4. e3 e6 5. Bd3 Bxd3 6. Qxd3 Nbd7 7. O-O Bd6 8. Nbd2 O-O 9. Rfe1 Qb8 10. Rad1 c5 11. Bxd6 Qxd6 12. e4 dxe4 13. Nxe4 Qc7 14. dxc5 Nxe4 15. Qxe4 Nxc5 16. Qe3 Nd7 17. c4 Nf6 18. Ne5 Rfd8 19. h3 a5 20. b3 h6 21. a3 Rxd1 22. Rxd1 Rd8 23. Rd4 Rxd4 24. Qxd4 Qe7 25. c5 Nd5 26. h4 Qc7 27. g3 b6 28. Nd3 bxc5 29. Qxc5 Qb7 30. b4 axb4 31. Nxb4 Qa8 32. Nd3 Qb8 33. Nb4 Qa8 34. Nc6 Qa6 35. Ne7+ Nxe7 36. Qxe7 e5 37. Qe8+ Kh7 38. a4 Qd3 39. Qb5 Qd1+ 40. Kg2 Qc2 41. a5 e4 42. Qf5+ Kg8 43. a6 Qa2 44. Qc8+ Kh7 45. Qf5+ Kg8 46. Qc8+ Kh7 47. Qb7 e3 48. Qe4+ g6 49. Qxe3 Qxa6 50. Qf3 1/2-1/2

[Event "Levitov Chess Week Rapid"]
[Site "Amsterdam NED"]
[Date "2023.09.22"]
[Round "3"]
[White "Levon Aronian"]
[Black "Daniil Dubov"]
[Result "1/2-1/2"]
[EventDate "2023.09.22"]
[WhiteElo "2742"]
[BlackElo "2710"]
[PlyCount "42"]

1. e4 c5 2. Nf3 g6 3. d4 cxd4 4. Nxd4 Nc6 5. c4 Nf6 6. Nc3 d6 7. Nc2 Bg7 8. Be2 O-O 9. O-O Nd7 10. Bd2 Nc5 11. b4 Ne6 12. Rc1 Ned4 13. Nxd4 Nxd4 14. Be3 Nxe2+ 15. Qxe2 Be6 16. Rfd1 Rc8 17. Nd5 b6 18. h4 h5 19. Bd4 Bxd5 20. exd5 Re8 21. g3 Qd7 1/2-1/2

[Event "Levitov Chess Week Rapid"]
[Site "Amsterdam NED"]
[Date "2023.09.22"]
[Round "4"]
[White "Daniil Dubov"]
[Black "Peter Svidler"]
[Result "1/2-1/2"]
[EventDate "2023.09.22"]
[WhiteElo "2710"]
[BlackElo "2689"]
[PlyCount "82"]

1. d4 Nf6 2. c4 g6 3. Nc3 d5 4. cxd5 Nxd5 5. e4 Nxc3 6. bxc3 Bg7 7. Nf3 c5 8. Bb5+ Nc6 9. O-O O-O 10. d5 Bxc3 11. Bh6 Nd4 12. Nxd4 Bxd4 13. Bc4 Qd6 14. Bxf8 Kxf8 15. Rb1 b6 16. Kh1 e5 17. dxe6 Bxe6 18. Bxe6 Qxe6 19. Qc2 Re8 20. Rfe1 Qc6 21. a4 a6 22. Qc4 Rxe4 23. Qxa6 c4 24. Qb5 Qxb5 25. axb5 Rf4 26. f3 c3 27. Rec1 Rf5 28. Rb4 Bf6 29. Kg1 Ke7 30. Rd1 Bg5 31. Re4+ Kf8 32. Re2 Rxb5 33. Rc2 Rb3 34. Kf2 b5 35. Ke2 b4 36. Kd3 Ra3 37. Kc4 Be7 38. Rb1 Ra4 39. Kb3 Ra3+ 40. Kc4 Ra4 41. Kb3 1/2-1/2

[Event "Levitov Chess Week Rapid"]
[Site "Amsterdam NED"]
[Date "2023.09.22"]
[Round "5"]
[White "Viswanathan Anand"]
[Black "Daniil Dubov"]
[Result "1/2-1/2"]
[EventDate "2023.09.22"]
[WhiteElo "2754"]
[BlackElo "2710"]
[PlyCount "34"]

1. e4 c5 2. Nf3 g6 3. d4 cxd4 4. Nxd4 Nc6 5. c4 Nf6 6. Nc3 d6 7. Be2 Nxd4 8. Qxd4 Bg7 9. Be3 Be6 10. O-O O-O 11. Qd2 a5 12. f3 a4 13. Rab1 Qa5 14. Rfc1 Rfc8 15. b3 axb3 16. axb3 Qb4 17. Nd5 Qxd2 1/2-1/2

[Event "The World Rapid Team Championship"]
[Site "Duesseldorf GER"]
[Date "2023.08.28"]
[Round "11.1"]
[White "Peter Svidler"]
[Black "Daniil Dubov"]
[Result "1-0"]
[EventDate "2023.08.26"]
[WhiteElo "2688"]
[BlackElo "2716"]
[PlyCount "78"]

1. Nf3 d5 2. g3 g6 3. d4 Nf6 4. c4 c6 5. Qa4 dxc4 6. Qxc4 Bg7 7. Bg2 O-O 8. O-O b5 9. Qc3 Bf5 10. Rd1 a5 11. Qe1 Bc2 12. Rd2 Bf5 13. Nc3 Ne4 14. Rd1 Nxc3 15. Qxc3 b4 16. Qb3 Nd7 17. Bg5 Qb6 18. Rac1 a4 19. Qe3 Be6 20. a3 Bb3 21. Rd2 bxa3 22. bxa3 Rfe8 23. Bh6 Bf6 24. Qf4 Nf8 25. Ne5 Ne6 26. Nd7 Qd8 27. Nxf6+ exf6 28. Qh4 Rc8 29. Rxc6 Qe7 30. d5 Rxc6 31. dxc6 Qxa3 32. Qxf6 Qc1+ 33. Bf1 Qxc6 34. Bh3 Qc1+ 35. Kg2 Qc6+ 36. f3 Qc7 37. Rd4 Bc2 38. Bxe6 fxe6 39. Rc4 1-0

[Event "The World Rapid Team Championship"]
[Site "Duesseldorf GER"]
[Date "2023.08.28"]
[Round "12.1"]
[White "Daniil Dubov"]
[Black "Alexander Berelowitsch"]
[Result "1/2-1/2"]
[EventDate "2023.08.26"]
[WhiteElo "2716"]
[BlackElo "2492"]
[PlyCount "140"]

1. d4 d5 2. Nf3 c5 3. c4 e6 4. Bg5 Be7 5. Bxe7 Nxe7 6. cxd5 exd5 7. dxc5 O-O 8. g3 Qa5+ 9. Nbd2 Qxc5 10. Bg2 Nbc6 11. O-O Bf5 12. Nb3 Qb6 13. Nfd4 Be4 14. Rc1 Rfd8 15. e3 Ne5 16. Nc5 Bxg2 17. Kxg2 Rac8 18. Na4 Qb4 19. a3 Rxc1 20. axb4 Rxd1 21. Rxd1 Rc8 22. b5 b6 23. Ra1 Nc4 24. Nc3 Rc7 25. Nc6 Nxc6 26. Nxd5 Rd7 27. bxc6 Rxd5 28. c7 Nd6 29. Rxa7 Kf8 30. Ra8+ Ke7 31. c8=Q Nxc8 32. Rxc8 Rd2 33. Rc7+ Ke8 34. b4 Rb2 35. Rc4 Ke7 36. g4 b5 37. Rd4 Ke6 38. h4 h6 39. h5 Ke5 40. Kg3 Ke6 41. f3 Ke5 42. f4+ Ke6 43. Kf3 Ke7 44. Ke4 Rb3 45. Kd5 Rxe3 46. Kc6 f5 47. gxf5 Rh3 48. Kxb5 Rxh5 49. Kc6 Rh1 50. b5 Rc1+ 51. Kb7 Rb1 52. b6 h5 53. Kc6 h4 54. Rd3 Kf6 55. Rh3 Rc1+ 56. Kb7 Kxf5 57. Rxh4 g6 58. Rh6 Rc4 59. Ka6 Rxf4 60. b7 Rb4 61. Rh4 Rxb7 62. Kxb7 g5 63. Rd4 g4 64. Kc6 g3 65. Kd5 g2 66. Rd1 Kf4 67. Kd4 Kf3 68. Kd3 Kf2 69. Rd2+ Kf3 70. Rxg2 Kxg2 1/2-1/2

[Event "The World Rapid Team Championship"]
[Site "Duesseldorf GER"]
[Date "2023.08.28"]
[Round "9.1"]
[White "Daniil Dubov"]
[Black "Daniel Fridman"]
[Result "1/2-1/2"]
[EventDate "2023.08.26"]
[WhiteElo "2716"]
[BlackElo "2586"]
[PlyCount "140"]

1. c4 e6 2. Nc3 d5 3. d4 Be7 4. cxd5 exd5 5. Bf4 Nf6 6. e3 Bf5 7. Nge2 O-O 8. Ng3 Be6 9. Bd3 c5 10. dxc5 Bxc5 11. O-O Nc6 12. Rc1 d4 13. Nb5 Bb6 14. e4 Ng4 15. Nf5 Nge5 16. Nbd6 Qf6 17. Bg3 Bxf5 18. Nxf5 g6 19. Bxe5 Nxe5 20. Nh6+ Kg7 21. Ng4 Nxg4 22. Qxg4 Qe6 23. Qxe6 fxe6 24. e5 Rac8 25. g3 Rxc1 26. Rxc1 Rf7 27. Kg2 Bc7 28. f4 g5 29. fxg5 Re7 30. Re1 Rd7 31. Re4 Bd8 32. Rh4 Kg8 33. Bc4 Kf8 34. Bxe6 Re7 35. g6 h6 36. Rxh6 Kg7 37. Rh7+ Kxg6 38. Rxe7 Bxe7 39. Kf3 d3 40. Ke3 Bc5+ 41. Kxd3 Bg1 42. Ke2 Bd4 43. b3 Bxe5 44. Kf3 b6 45. Bc4 a5 46. Bd3+ Kg5 47. h4+ Kh5 48. Be2 Bd6 49. Bd3 Bb4 50. Be4 Be1 51. Bf5 Kh6 52. Kg4 Kg7 53. Kh3 Kf6 54. g4 Ke5 55. Bd3 Kf4 56. g5 Bf2 57. g6 Bd4 58. h5 Kg5 59. Be2 Bc3 60. Kg3 Kh6 61. Kg4 Bd4 62. Kf5 Kg7 63. Ke6 Bc3 64. Bd3 Bb2 65. Kd5 Bc3 66. Kc4 Bf6 67. Kb5 Bd4 68. a3 Kh6 69. Kc4 Bb2 70. Be2 1/2-1/2

[Event "The World Rapid Team Championship"]
[Site "Duesseldorf GER"]
[Date "2023.08.28"]
[Round "10.1"]
[White "Daniil Dubov"]
[Black "Nubairshah Shaikh Mohammad"]
[Result "1-0"]
[EventDate "2023.08.26"]
[WhiteElo "2716"]
[BlackElo "2430"]
[PlyCount "116"]

1. Nf3 Nf6 2. c4 d6 3. d4 g6 4. Nc3 Bg7 5. Bg5 h6 6. Bh4 g5 7. Bg3 Nh5 8. e3 c5 9. dxc5 Nxg3 10. hxg3 dxc5 11. Qxd8+ Kxd8 12. O-O-O+ Bd7 13. Bd3 Nc6 14. Nd2 Bxc3 15. bxc3 Ne5 16. Ne4 b6 17. Nxg5 Kc7 18. Nf3 Nxd3+ 19. Rxd3 Bf5 20. Rdd1 f6 21. Rh4 Rh7 22. Rdh1 Rah8 23. e4 Be6 24. e5 h5 25. exf6 exf6 26. Rf4 Rd7 27. Rxf6 Rd6 28. Ne5 Rhd8 29. f4 b5 30. cxb5 Bxa2 31. Rxd6 Rxd6 32. Rxh5 Kb6 33. c4 Ka5 34. Kb2 Rd2+ 35. Kc3 Rxg2 36. Rh6 Rxg3+ 37. Nd3 Rxd3+ 38. Kxd3 Kb4 39. b6 Bxc4+ 40. Kd2 axb6 41. Rxb6+ Ka5 42. Rb8 Be6 43. Kc3 Ka6 44. Kd3 Ka5 45. Ke4 Ka4 46. f5 Bc4 47. f6 Ka3 48. Ke3 Ka4 49. Kd2 Bd5 50. Kc3 Be6 51. Rb7 Bd5 52. Rd7 Be6 53. f7 Bxd7 54. f8=Q Kb5 55. Qf1+ Kb6 56. Qb1+ Bb5 57. Qg6+ Ka5 58. Qd6 1-0

[Event "The World Rapid Team Championship"]
[Site "Duesseldorf GER"]
[Date "2023.08.27"]
[Round "5.9"]
[White "Daniil Dubov"]
[Black "Ian Nepomniachtchi"]
[Result "1/2-1/2"]
[EventDate "2023.08.26"]
[WhiteElo "2716"]
[BlackElo "2779"]
[PlyCount "74"]

1. e4 e5 2. Nf3 Nf6 3. d4 Nxe4 4. Bd3 d5 5. Nxe5 Nd7 6. Nc3 Nxc3 7. bxc3 Nxe5 8. dxe5 c5 9. Qf3 c4 10. Bf5 Bxf5 11. Qxf5 Qd7 12. Qf3 Be7 13. O-O O-O 14. Rd1 Rfd8 15. Be3 Qe6 16. Bd4 b5 17. Rab1 a6 18. h3 Rab8 19. g4 a5 20. Qg2 b4 21. f4 Qc6 22. f5 Bc5 23. Qf2 Bxd4 24. Qxd4 Qa4 25. e6 Qxc2 26. cxb4 axb4 27. Rbc1 Qa4 28. Re1 fxe6 29. fxe6 Qa3 30. e7 Qg3+ 31. Kh1 Qxh3+ 32. Kg1 Qg3+ 33. Kh1 Qf3+ 34. Kg1 Re8 35. Re3 Qf6 36. Qxd5+ Qf7 37. Qxc4 Qxc4 1/2-1/2

[Event "The World Rapid Team Championship"]
[Site "Duesseldorf GER"]
[Date "2023.08.27"]
[Round "6.2"]
[White "Robert Rabiega"]
[Black "Daniil Dubov"]
[Result "0-1"]
[EventDate "2023.08.26"]
[WhiteElo "2468"]
[BlackElo "2716"]
[PlyCount "62"]

1. e4 c5 2. c3 d5 3. exd5 Qxd5 4. d4 Nc6 5. Nf3 Bf5 6. Be3 cxd4 7. Nxd4 Nf6 8. Nxf5 Qxf5 9. Bd3 Qe5 10. O-O Rd8 11. Qe2 Nd5 12. Bd2 e6 13. Qxe5 Nxe5 14. Bb5+ Ke7 15. Re1 Kf6 16. a3 Bc5 17. h3 g5 18. b4 Bb6 19. c4 Bd4 20. Ra2 Nf4 21. c5 a6 22. Bf1 Ned3 23. Bxd3 Nxd3 24. Rf1 h5 25. g3 g4 26. h4 Kf5 27. Bc3 Ne5 28. Kg2 Nf3 29. Rd1 Bxc5 30. Rxd8 Rxd8 31. Kf1 0-1

[Event "The World Rapid Team Championship"]
[Site "Duesseldorf GER"]
[Date "2023.08.27"]
[Round "7.1"]
[White "Daniil Dubov"]
[Black "Alexander Grischuk"]
[Result "1-0"]
[EventDate "2023.08.26"]
[WhiteElo "2716"]
[BlackElo "2736"]
[PlyCount "68"]

1. d4 Nf6 2. Nf3 d5 3. c4 e6 4. g3 Be7 5. Bg2 O-O 6. O-O dxc4 7. Qc2 a6 8. a4 Bd7 9. Bg5 Bc6 10. Rd1 b5 11. Bxf6 Bxf6 12. Nc3 Qe8 13. d5 Bxd5 14. axb5 Bxc3 15. Ng5 g6 16. Qxc3 Qxb5 17. Nxf7 Kxf7 18. Ra5 Qb3 19. Qxb3 cxb3 20. Rdxd5 Ke7 21. Rd3 Ra7 22. Rxb3 Nd7 23. Bh3 Rb8 24. Rxb8 Nxb8 25. Re5 Rb7 26. Rxe6+ Kd8 27. Rf6 Rxb2 28. Rf7 Rxe2 29. Rxh7 a5 30. Rg7 a4 31. Bf1 Re8 32. Rxg6 Nd7 33. Bb5 Re4 34. Rg8+ 1-0

[Event "The World Rapid Team Championship"]
[Site "Duesseldorf GER"]
[Date "2023.08.27"]
[Round "8.1"]
[White "Matthias Bluebaum"]
[Black "Daniil Dubov"]
[Result "1/2-1/2"]
[EventDate "2023.08.26"]
[WhiteElo "2670"]
[BlackElo "2716"]
[PlyCount "228"]

1. d4 Nf6 2. c4 e6 3. Nc3 d5 4. cxd5 exd5 5. Bg5 c6 6. e3 Bd6 7. Bd3 O-O 8. Nf3 Re8 9. Qc2 h6 10. Bh4 Be6 11. Qb3 b5 12. O-O Nbd7 13. Qc2 Rc8 14. Bg3 Bf8 15. Rac1 Nh5 16. Ne2 Nxg3 17. hxg3 g5 18. Bf5 Qf6 19. g4 Bd6 20. Qd3 Kg7 21. Ng3 Bxg3 22. fxg3 Bxf5 23. gxf5 Qd6 24. f6+ Nxf6 25. Ne5 Re7 26. Qf5 Qe6 27. Qxe6 Rxe6 28. b4 Rc7 29. Rc2 Ne4 30. Rfc1 f6 31. Rxc6 Rexc6 32. Rxc6 Re7 33. Nf3 Nxg3 34. Rc5 Ne4 35. Rxb5 Rc7 36. Rxd5 Rc1+ 37. Kh2 h5 38. Rd7+ Kf8 39. Rh7 g4 40. Rxh5 gxf3 41. gxf3 Ng5 42. f4 Ne4 43. Kg2 Rc2+ 44. Kf3 Nd2+ 45. Kg4 Nc4 46. Kf5 Kg7 47. Rh3 Rxa2 48. Ke6 Re2 49. Rg3+ Kf8 50. Kxf6 Nxe3 51. Rg5 Nc4 52. Rd5 Ke8 53. Rh5 Re7 54. Rh8+ Kd7 55. Ra8 Re6+ 56. Kg7 Ra6 57. f5 Nd6 58. f6 Ra2 59. f7 Rg2+ 60. Kf6 Rf2+ 61. Kg6 Rg2+ 62. Kf6 Rf2+ 63. Kg6 Nxf7 64. Rxa7+ Ke8 65. Ra8+ Nd8 66. d5 Ke7 67. b5 Rb2 68. b6 Rxb6+ 69. Kf5 Rb1 70. d6+ Kd7 71. Ra7+ Kxd6 72. Ra6+ Nc6 73. Ke4 Rb4+ 74. Kf5 Kd5 75. Ra1 Rb6 76. Kf4 Rb3 77. Ra2 Rb4+ 78. Kf5 Nd4+ 79. Kf6 Rb6+ 80. Kg5 Ke4 81. Ra4 Rd6 82. Kg4 Rg6+ 83. Kh5 Rg8 84. Kh4 Ke5 85. Kh3 Rg7 86. Kh4 Rg8 87. Kh3 Nf5 88. Ra5+ Kf4 89. Ra4+ Kf3 90. Ra3+ Ne3 91. Kh4 Kf4 92. Ra4+ Kf3 93. Ra3 Rg7 94. Rb3 Ke4 95. Rb4+ Ke5 96. Rb5+ Nd5 97. Ra5 Rg1 98. Kh5 Ke4 99. Kh6 Rg2 100. Kh5 Rg8 101. Kh4 Ne7 102. Ra4+ Ke5 103. Ra5+ Kf6 104. Ra6+ Kf7 105. Ra7 Rg7 106. Kh3 Kf6 107. Ra6+ Ke5 108. Ra5+ Kf4 109. Ra4+ Kf5 110. Ra5+ Kf6 111. Ra6+ Nc6 112. Rxc6+ Kf7 113. Ra6 Rg6 114. Rxg6 Kxg6 1/2-1/2

[Event "The World Rapid Team Championship"]
[Site "Duesseldorf GER"]
[Date "2023.08.26"]
[Round "1.1"]
[White "Enis Zuferi"]
[Black "Daniil Dubov"]
[Result "0-1"]
[EventDate "2023.08.26"]
[WhiteElo "2367"]
[BlackElo "2716"]
[PlyCount "92"]

1. d4 e6 2. c4 Nf6 3. Nc3 Bb4 4. e3 d5 5. a3 Be7 6. cxd5 exd5 7. Bd3 O-O 8. Qc2 Re8 9. Bd2 Nbd7 10. Nge2 Nf8 11. O-O Bd7 12. Nf4 c6 13. f3 Ne6 14. Nxe6 Bxe6 15. a4 Rc8 16. Rad1 c5 17. Bc1 Bd6 18. dxc5 Rxc5 19. Qf2 Qb8 20. Qh4 a6 21. Ne2 d4 22. g4 dxe3 23. g5 g6 24. Bxe3 Bb3 25. Bxc5 Bxc5+ 26. Kh1 Bxd1 27. Rxd1 Nh5 28. Bc4 b5 29. axb5 axb5 30. Bd3 Re3 31. b4 Bb6 32. Bxb5 Qb7 33. Qg4 Rxf3 34. Qg2 Qe4 35. Nc3 Qf5 36. Bd7 Qf4 37. Nd5 Rd3 38. Rf1 Rxd5 39. Rxf4 Nxf4 40. Qf3 Bc7 41. Bc6 Rd3 42. Qg4 Rc3 43. Bf3 Rc1+ 44. Bd1 Nd5 45. h4 Ne3 46. Qc8+ Kg7 0-1

[Event "The World Rapid Team Championship"]
[Site "Duesseldorf GER"]
[Date "2023.08.26"]
[Round "2.1"]
[White "Van Foreest, Jorden"]
[Black "Daniil Dubov"]
[Result "1/2-1/2"]
[EventDate "2023.08.26"]
[WhiteElo "2697"]
[BlackElo "2716"]
[PlyCount "112"]

1. e4 e5 2. Nf3 Nc6 3. Bc4 Nf6 4. d3 Be7 5. O-O O-O 6. Nc3 d6 7. a3 Bg4 8. h3 Bxf3 9. Qxf3 Nd4 10. Qd1 c6 11. Ba2 Ne6 12. Be3 Rc8 13. Qf3 Nd7 14. Rae1 Kh8 15. g3 Bg5 16. Bxg5 Qxg5 17. Ne2 Qd2 18. Bb1 g6 19. Qe3 Qxe3 20. fxe3 Kg7 21. Ba2 b5 22. Bxe6 fxe6 23. Rxf8 Rxf8 24. Rf1 Rb8 25. Kf2 Kf7 26. Ke1+ Ke7 27. Kd2 a5 28. Ng1 a4 29. Nf3 Rf8 30. Ke2 Nf6 31. Nd2 Rb8 32. Nf3 g5 33. g4 h6 34. Rh1 Rg8 35. Rg1 c5 36. Kd2 Rf8 37. Ke2 Rb8 38. Rh1 Rg8 39. Rg1 Nd7 40. Rh1 d5 41. exd5 exd5 42. e4 d4 43. h4 gxh4 44. Nxh4 Rxg4 45. Nf5+ Kd8 46. Kf3 Rg6 47. Nxh6 c4 48. Ng4 Rg7 49. Rh5 Rf7+ 50. Ke2 Re7 51. Rg5 Kc7 52. Kd2 Rh7 53. Nxe5 Rh2+ 54. Kc1 Rh1+ 55. Kd2 Rh2+ 56. Kc1 1/2-1/2

[Event "The World Rapid Team Championship"]
[Site "Duesseldorf GER"]
[Date "2023.08.26"]
[Round "3.1"]
[White "Daniil Dubov"]
[Black "Haik M Martirosyan"]
[Result "1/2-1/2"]
[EventDate "2023.08.26"]
[WhiteElo "2716"]
[BlackElo "2683"]
[PlyCount "56"]

1. d4 Nf6 2. c4 e6 3. Nc3 Bb4 4. e3 O-O 5. Bd3 d5 6. a3 Bxc3+ 7. bxc3 c6 8. Ne2 b6 9. cxd5 cxd5 10. O-O Ba6 11. f3 Bxd3 12. Qxd3 Nc6 13. e4 Qd7 14. Bg5 Ne8 15. e5 f6 16. exf6 Nxf6 17. Rad1 Qd6 18. Rfe1 Nd7 19. Bc1 Na5 20. Kh1 Nc4 21. Ng1 Rf5 22. Nh3 Raf8 23. Re2 h6 24. Nf2 Kh8 25. Ng4 e5 26. dxe5 Ndxe5 27. Nxe5 Rxe5 28. Rxe5 1/2-1/2

[Event "The World Rapid Team Championship"]
[Site "Duesseldorf GER"]
[Date "2023.08.26"]
[Round "4.1"]
[White "Sarin Nihal"]
[Black "Daniil Dubov"]
[Result "1/2-1/2"]
[EventDate "2023.08.26"]
[WhiteElo "2684"]
[BlackElo "2716"]
[PlyCount "80"]

1. d4 d5 2. Nf3 Nf6 3. c3 e6 4. Bf4 Bd6 5. e3 c5 6. Nbd2 Bxf4 7. exf4 O-O 8. dxc5 Qc7 9. g3 Nbd7 10. Be2 Nxc5 11. O-O b6 12. Re1 Ba6 13. Bxa6 Nxa6 14. Nd4 Nc5 15. Qe2 Rfe8 16. Rad1 a6 17. N2f3 b5 18. a3 Nce4 19. Ne5 Nd6 20. f3 Nc4 21. Qf2 Nd7 22. Nd3 Nc5 23. Kg2 Rab8 24. h4 a5 25. Re2 Nxd3 26. Rxd3 h5 27. Qe1 b4 28. cxb4 axb4 29. a4 b3 30. Rxb3 Rxb3 31. Nxb3 Ra8 32. Nd4 Qb6 33. Qf2 Rxa4 34. b3 Ne3+ 35. Qxe3 Rxd4 36. f5 exf5 37. Qe8+ Kh7 38. Qxf7 Qg6 39. Qxg6+ Kxg6 40. Re5 1/2-1/2

[Event "FIDE World Cup 2023"]
[Site "Baku AZE"]
[Date "2023.08.06"]
[Round "3.2"]
[White "Daniele Vocaturo"]
[Black "Daniil Dubov"]
[Result "1/2-1/2"]
[EventDate "2021.07.30"]
[WhiteElo "2609"]
[BlackElo "2716"]
[PlyCount "70"]

1. e4 e5 2. Nf3 Nc6 3. Nc3 Nf6 4. d4 exd4 5. Nxd4 Bb4 6. Nxc6 bxc6 7. Bd3 d6 8. O-O Ng4 9. h3 Ne5 10. Be3 O-O 11. f4 Nxd3 12. cxd3 d5 13. Qa4 a5 14. Qxc6 Ra6 15. Qxd5 Rd6 16. Qg5 f6 17. Qh5 Bb7 18. Rad1 f5 19. a3 Bxc3 20. bxc3 fxe4 21. dxe4 Bxe4 22. Bc5 Rf5 23. Qe2 Rxc5 24. Rxd6 Qxd6 25. Qxe4 Qc6 26. Qe7 Rxc3 27. Qd8+ Kf7 28. Re1 Qd6 29. Qe8+ Kf6 30. f5 Kg5 31. Qg8 Qd4+ 32. Kh1 Rc5 33. f6 Qxf6 34. Qxh7 Rf5 35. Re3 c5 1/2-1/2

[Event "FIDE World Cup 2023"]
[Site "Baku AZE"]
[Date "2023.08.05"]
[Round "3.1"]
[White "Daniil Dubov"]
[Black "Daniele Vocaturo"]
[Result "0-1"]
[EventDate "2023.07.30"]
[WhiteElo "2716"]
[BlackElo "2609"]
[PlyCount "90"]

1. Nf3 Nf6 2. c4 e6 3. g3 d5 4. Bg2 d4 5. d3 Bb4+ 6. Nbd2 a5 7. Ne5 Qd6 8. f4 Nbd7 9. Nf3 Ng4 10. O-O Nc5 11. Nb1 a4 12. e4 Bd7 13. Qe2 Bc6 14. Ne1 Ne3 15. e5 Qd7 16. Bxc6 bxc6 17. Bxe3 dxe3 18. Qxe3 Rd8 19. Nc2 Nxd3 20. Nxb4 Nxb4 21. Qe4 Qe7 22. Nc3 Qc5+ 23. Kh1 Nd3 24. Rad1 Nxb2 25. Rxd8+ Kxd8 26. Rb1 a3 27. Na4 Qf2 28. Qxc6 Qc2 29. Nc5 Qxb1+ 30. Kg2 Qd1 31. Nb7+ Ke7 32. Qxc7+ Qd7 33. Qc5+ Ke8 34. Nd6+ Kd8 35. Qxa3 Qc6+ 36. Kh3 Nxc4 37. Nxc4 Qxc4 38. Qa8+ Qc8 39. Qa7 Ke8 40. a4 Kf8 41. a5 g6 42. a6 Kg7 43. Qe7 Re8 44. Qf6+ Kg8 45. Kg4 Qd8 0-1

[Event "FIDE World Cup 2023"]
[Site "Baku AZE"]
[Date "2023.08.03"]
[Round "2.2"]
[White "Daniil Dubov"]
[Black "Baskaran Adhiban"]
[Result "1/2-1/2"]
[EventDate "2021.07.30"]
[WhiteElo "2716"]
[BlackElo "2587"]
[PlyCount "66"]

1. d4 d5 2. c4 e6 3. Nf3 c6 4. Qc2 Nf6 5. Bg5 dxc4 6. Qxc4 b5 7. Qc2 Bb7 8. e4 Nbd7 9. Nbd2 a6 10. a4 Rc8 11. Be2 h6 12. Bxf6 Qxf6 13. O-O Bb4 14. e5 Qe7 15. Ne4 O-O 16. Rfc1 a5 17. Ne1 bxa4 18. Nd3 c5 19. Nd6 Rc7 20. Nxb4 axb4 21. Nxb7 Rxb7 22. dxc5 Rc8 23. c6 Rb6 24. Qxa4 Nxe5 25. Bb5 Nf3+ 26. gxf3 Qg5+ 27. Kh1 Rxb5 28. Qc2 Qd5 29. Qe4 Qxe4 30. fxe4 Rb6 31. Ra4 Rbxc6 32. Rxc6 Rxc6 33. Rxb4 1/2-1/2

[Event "Global Chess League"]
[Site "Dubai UAE"]
[Date "2023.07.01"]
[Round "10.3"]
[White "Daniil Dubov"]
[Black "Teimour Radjabov"]
[Result "1/2-1/2"]
[EventDate "2023.06.22"]
[WhiteElo "2716"]
[BlackElo "2747"]
[PlyCount "76"]

1. e4 e5 2. Nf3 Nc6 3. Nc3 Nf6 4. d4 exd4 5. Nxd4 Bb4 6. Nxc6 bxc6 7. Bd3 d5 8. exd5 cxd5 9. O-O O-O 10. Qf3 c6 11. h3 Rb8 12. Bf4 Bd6 13. b3 Qc7 14. Bxd6 Qxd6 15. Rfe1 Bd7 16. Qg3 Qxg3 17. fxg3 c5 18. Rad1 Rfd8 19. g4 h6 20. Bf5 Bxf5 21. gxf5 d4 22. Ne4 Rbc8 23. Nxf6+ gxf6 24. Re7 a5 25. Ra7 Ra8 26. Rxa8 Rxa8 27. c3 dxc3 28. Rc1 a4 29. Rxc3 axb3 30. axb3 Ra3 31. Kf2 Kf8 32. Re3 Ra2+ 33. Kf3 Rc2 34. g4 c4 35. bxc4 Rxc4 36. Re4 Rc3+ 37. Re3 Rc4 38. Re4 Rc3+ 1/2-1/2

[Event "Global Chess League"]
[Site "Dubai UAE"]
[Date "2023.06.29"]
[Round "8"]
[White "Daniil Dubov"]
[Black "Santosh Gujrathi Vidit"]
[Result "1-0"]
[EventDate "?"]
[WhiteElo "2727"]
[BlackElo "2665"]
[PlyCount "46"]

1. e4 e5 2. Nf3 Nc6 3. Bb5 a6 4. Ba4 Nf6 5. O-O Bc5 6. c3 b5 7. Bc2 d5 8. d4 dxe4 9. Nbd2 exf3 10. Qxf3 Be7 11. Qxc6+ Bd7 12. Qf3 exd4 13. Ne4 O-O 14. Bg5 c5 15. Bxf6 Bxf6 16. Nxc5 Re8 17. cxd4 Be6 18. Rfe1 Bxd4 19. Nxe6 fxe6 20. Rad1 e5 21. Qh5 h6 22. Qg6 Qf6 23. Rxd4 1-0

[Event "Global Chess League 2023"]
[Site "Dubai UAE"]
[Date "2023.06.27"]
[Round "6.3"]
[White "Daniil Dubov"]
[Black "Dominguez Perez, Leinier"]
[Result "1-0"]
[EventDate "2023.06.22"]
[WhiteElo "2716"]
[BlackElo "2739"]
[PlyCount "94"]

1. e4 e5 2. d4 exd4 3. Nf3 Nc6 4. Nxd4 Nf6 5. Bb5 Bc5 6. Nb3 Bb6 7. Nc3 O-O 8. O-O d6 9. Bg5 h6 10. Bh4 Ne5 11. Kh1 Ng6 12. Bxf6 Qxf6 13. f4 c6 14. Bd3 Qh4 15. g3 Qg4 16. Qd2 Rd8 17. Be2 Qd7 18. Rad1 Qe8 19. Bh5 Nf8 20. Qg2 Nh7 21. Bf3 Qe7 22. Nd4 Bd7 23. Rd3 Re8 24. g4 Rad8 25. Qg3 Bc8 26. Nf5 Bxf5 27. gxf5 Nf6 28. Rd2 Qf8 29. Rg2 Kh8 30. Qh4 a5 31. Re1 Bd4 32. Ne2 Bb6 33. Ng3 Rd7 34. Rge2 Rde7 35. e5 dxe5 36. fxe5 Nd7 37. e6 Nf6 38. Bh5 Nxh5 39. Nxh5 fxe6 40. f6 gxf6 41. Nxf6 Rf7 42. Rxe6 Rxe6 43. Rxe6 Qg7 44. Ng4 Rf1+ 45. Kg2 Rf2+ 46. Kg3 Kg8 47. Re7 Rf7 1-0